Será que a Joaninha tem uma pilinha? (Registo nº 6069)

Detalhes MARC
000 -Etiqueta do registo
Valores 00721nam a2200241 4500
010 ## - Número ISBN
ISBN 972576319X
021 ## - Número do Depósito Legal
Número 210672/04
100 ## - Dados gerais de processamento
Dados gerais 20211231d2004 cb|y0pory5003 ba
200 1# - Titulo e menção de responsabilidade
Título próprio Será que a Joaninha tem uma pilinha?
Primeira menção de responsabilidade Thierry Lenain
Outras menções de responsabilidade ilustrações de Delphine Durand
210 ## - Publicação
Local de publicação Lisboa
Nome do editor Dinalivro
Data de publicação 2004
215 ## - Descrição física 
Paginação / Volumes 29 p.
Outras indicações físicas il
300 ## - Notas gerais 
Texto da nota Trad. de: Mademoiselle Zazie a-t-elle un zizi?
606 ## - Nome comum usado como assunto
ID Autoridade 14
Palavra de ordem Literatura infantil
606 ## - Nome comum usado como assunto
ID Autoridade 13
Palavra de ordem Literatura Estrangeira
675 ## - CDU
Notação 82-93
Edição BN
Língua por
675 ## - CDU
Notação 821.1/.8
Edição BN
Língua por
700 ## - Autor principal (pessoa individual)
Apelido Lenain
Nome Thierry
ID Autoridade 5774
702 ## - Autor secundário (pessoa individual)
Apelido Durand
Nome Delphine
ID Autoridade 5775
801 #0 - Fonte de origem
País PT
Agência BMVN
Regras de catalogação RPC
830 ## - Notas gerais do catalogador
Criado por Ana Caetano
Data de criação 31/12/2021
990 ## - Elementos KOHA
Tipo de documento Livro
Exemplares
Situação do levantamento Biblioteca de origem Código de barras Cota Permissão de empréstimo Tipo de documento Forma de aquisição
  Biblioteca Municipal de Vendas Novas 100000032961 LI EST/LEN   Livro  

Powered by Koha